| Tag |
First Indicator |
Second Indicator |
Subfields |
| LEADER |
00000cam a2200000 a 4500 |
| 001 |
in00004600539 |
| 006 |
m o d |
| 007 |
cr cnu---unuuu |
| 008 |
110628s2011 mauaf ob 001 0 eng d |
| 005 |
20221121161757.6 |
| 035 |
|
|
|a (MaCbMITP)8361
|
| 040 |
|
|
|a OCoLC-P
|b eng
|e pn
|c OCoLC-P
|
| 020 |
|
|
|a 9780262295406
|q (electronic bk.)
|
| 020 |
|
|
|a 0262295407
|q (electronic bk.)
|
| 020 |
|
|
|a 1283119048
|
| 020 |
|
|
|a 9781283119047
|
| 020 |
|
|
|a 9786613119049
|
| 020 |
|
|
|a 6613119040
|
| 020 |
|
|
|a 0262294389
|
| 020 |
|
|
|a 9780262294386
|
| 020 |
|
|
|z 9780262015639
|
| 020 |
|
|
|z 0262015633
|
| 035 |
|
|
|a (OCoLC)733263187
|
| 035 |
|
|
|a (OCoLC-P)733263187
|
| 050 |
|
4 |
|a T171.M49
|b A85 2011eb
|
| 072 |
|
7 |
|a EDU
|x 015000
|2 bisacsh
|
| 072 |
|
7 |
|a EDU015000
|2 bisacsh
|
| 072 |
|
7 |
|a TEC056000
|2 bisacsh
|
| 082 |
0 |
4 |
|a 378.744/4
|2 23
|
| 100 |
1 |
|
|a Alexander, Philip N.,
|d 1952-
|
| 245 |
1 |
2 |
|a A widening sphere :
|b evolving cultures at MIT /
|c Philip N. Alexander.
|
| 246 |
3 |
|
|a Widening sp her e : evol ving cul tur es at MIT
|
| 260 |
|
|
|a Cambridge, Mass. :
|b MIT Press,
|c ©2011.
|
| 300 |
|
|
|a 1 online resource (xi, 508 pages, 16 unnumbered pages of plates) :
|b illustrations
|
| 336 |
|
|
|a text
|b txt
|2 rdacontent
|
| 337 |
|
|
|a computer
|b c
|2 rdamedia
|
| 338 |
|
|
|a online resource
|b cr
|2 rdacarrier
|
| 520 |
|
|
|a How MIT's first nine presidents helped transform the Institute from a small technical school into a major research university.
|
| 588 |
|
|
|a OCLC-licensed vendor bibliographic record.
|
| 610 |
2 |
0 |
|a Massachusetts Institute of Technology
|v Biography.
|
| 651 |
|
0 |
|a Cambridge (Mass.)
|x Intellectual life.
|
| 653 |
|
|
|a EDUCATION / Higher
|
| 653 |
|
|
|a TECHNOLOGY & ENGINEERING / History
|
| 653 |
|
|
|a EDUCATION / History
|
| 655 |
|
7 |
|a Electronic books.
|2 local
|
| 856 |
4 |
0 |
|u https://doi.org/10.7551/mitpress/8361.001.0001?locatt=mode:legacy
|z Connect to the full text of this electronic book
|t 0
|
| 955 |
|
|
|a MIT Open Access ebooks
|
| 999 |
f |
f |
|s c9cd5800-b470-4af9-b09a-f74929cd9e11
|i 7c50075b-b80d-4963-9d3e-7ef9383234f5
|t 0
|
| 952 |
f |
f |
|a Texas A&M University
|b College Station
|c Electronic Resources
|d Available Online
|t 0
|e T171.M49 A85 2011eb
|h Library of Congress classification
|
| 998 |
f |
f |
|a T171.M49 A85 2011eb
|t 0
|l Available Online
|